000 00455nam a2200181Ia 4500
001 1824
005 20260306143757.0
008 260306t2017||||xx |||||||||||||| ||spa||
041 _aESP
082 _a155.53
_bM86
100 _aMorici, Silvia
_eAUT
245 0 _aProblemáticas adolescentes:
_bintervención en la clínica actual
260 _c2017
300 _a384 páginas :
_c22 cm.
650 _aGEN
654 _aCPS
942 _cLIB
_dJUS
_fJUS
_2ddc
_n
999 _c1824
_d1824